Personality development and human relations (Record no. 18043)
[ view plain ]
| 000 -LEADER | |
|---|---|
| fixed length control field | 00591nam a22002177a 4500 |
| 003 - CONTROL NUMBER IDENTIFIER | |
| control field | OSt |
| 005 - DATE AND TIME OF LATEST TRANSACTION | |
| control field | 20140310182958.0 |
| 008 - FIXED-LENGTH DATA ELEMENTS--GENERAL INFORMATION | |
| fixed length control field | 130208t xxu||||| |||| 00| 0 eng d |
| 020 ## - INTERNATIONAL STANDARD BOOK NUMBER | |
| International Standard Book Number | 9712320502 |
| 050 ## - LIBRARY OF CONGRESS CALL NUMBER | |
| Classification number | BF 698 |
| Item number | .Av948 1996 |
| 082 ## - DEWEY DECIMAL CLASSIFICATION NUMBER | |
| Classification number | F 155.2 |
| Item number | .Av3 1996 |
| 245 ## - TITLE STATEMENT | |
| Title | Personality development and human relations |
| Statement of responsibility, etc | Avelino, Soledad E. |
| 260 ## - PUBLICATION, DISTRIBUTION, ETC. (IMPRINT) | |
| Place of publication, distribution, etc | Manila |
| Name of publisher, distributor, etc | Rex Book Store |
| Date of publication, distribution, etc | 1996 |
| 300 ## - PHYSICAL DESCRIPTION | |
| Extent | xi, 207 p. : |
| Dimensions | 22 cm. |
| Other physical details | ill. ; |
| 521 ## - TARGET AUDIENCE NOTE | |
| Target audience note | |
| 526 ## - STUDY PROGRAM INFORMATION NOTE | |
| Reading level | 1210L-1700L |
| 541 ## - IMMEDIATE SOURCE OF ACQUISITION NOTE | |
| -- | 1 |
| 541 ## - IMMEDIATE SOURCE OF ACQUISITION NOTE | |
| -- | 2 |
| 562 ## - COPY AND VERSION IDENTIFICATION NOTE | |
| Number of copies | 2 |
| 942 ## - ADDED ENTRY ELEMENTS (KOHA) | |
| Source of classification or shelving scheme | Library of Congress Classification |
| Koha item type | Books |
| Call number prefix | |
| Withdrawn status | Lost status | Source of classification or shelving scheme | Damaged status | Home library | Current library | Shelving location | Date acquired | Total Checkouts | Total Renewals | Full call number | Barcode | Date last seen | Date checked out | Copy number | Price effective from | Koha item type |
|---|---|---|---|---|---|---|---|---|---|---|---|---|---|---|---|---|
| Library of Congress Classification | College Library | College Library | Filipiniana Section | 02/08/2013 | 3 | 9 | BF 698 .Av948 1996 | c8085 | 11/22/2021 | 08/11/2021 | 1 | 02/08/2013 | Books | |||
| Library of Congress Classification | College Library | College Library | Filipiniana Section | 05/21/2013 | 1 | 4 | BF 698 .Av948 1996 | c8086 | 08/30/2018 | 08/14/2018 | 2 | 05/21/2013 | Books |